| 000 | 00489nam a2200181Ia 4500 | ||
|---|---|---|---|
| 003 | LK-CoDNM | ||
| 005 | 20240829092745.0 | ||
| 008 | 010623t1926 xxu||||| |||| 00| 1 Pali d | ||
| 040 |
_aLK-CoDNM _dLK-CoDNM _eLK-CoDNM |
||
| 041 |
_aPali _asin |
||
| 080 |
_a8A _bJ4 |
||
| 100 | _aAnuruddha Thero | ||
| 245 | _aParamatta Vinichchaya : Paramatta Vibhavini Viyakkha | ||
| 260 |
_bKetumati _aPanadura _c1926 |
||
| 300 | _bviii, 338p. ; 25 cm | ||
| 700 | _aDevananda Thero ed. | ||
| 942 | _cBK | ||
| 999 |
_c93257 _d93257 |
||